<?xml version='1.0' encoding='UTF-8'?>
  <record xmlns="http://www.loc.gov/MARC21/slim">
    <leader>00000cam a22000007i 4500</leader>
    <controlfield tag="001">ocm79626864</controlfield>
    <controlfield tag="003">OCoLC</controlfield>
    <controlfield tag="005">20251125191520.7</controlfield>
    <controlfield tag="008">930715s1477    sz            000 0 lat d</controlfield>
    <datafield tag="040" ind1=" " ind2=" ">
      <subfield code="a">HUV</subfield>
      <subfield code="b">eng</subfield>
      <subfield code="e">rda</subfield>
      <subfield code="e">dcrmr</subfield>
      <subfield code="c">HUV</subfield>
      <subfield code="d">OCLCG</subfield>
      <subfield code="d">OCLCA</subfield>
      <subfield code="d">OCLCQ</subfield>
      <subfield code="d">OCLCO</subfield>
      <subfield code="d">OCLCQ</subfield>
      <subfield code="d">OCLCO</subfield>
      <subfield code="d">OCLCL</subfield>
      <subfield code="d">QGJ</subfield>
      <subfield code="d">OCLCO</subfield>
      <subfield code="d">QGJ</subfield>
      <subfield code="d">OCLCO</subfield>
      <subfield code="d">QGJ</subfield>
      <subfield code="d">OCLCO</subfield>
    </datafield>
    <datafield tag="035" ind1=" " ind2=" ">
      <subfield code="a">(OCoLC)79626864</subfield>
    </datafield>
    <datafield tag="130" ind1="0" ind2=" ">
      <subfield code="a">Institutiones.</subfield>
    </datafield>
    <datafield tag="245" ind1="1" ind2="0">
      <subfield code="a">Liber prim[us] [-quartus] domini. Justiniani Imperatoris institucionum seu elementorum.</subfield>
    </datafield>
    <datafield tag="246" ind1="1" ind2=" ">
      <subfield code="i">Title according to GW and BSB-Ibk:</subfield>
      <subfield code="a">Corpus iuris civilis.</subfield>
      <subfield code="b">Institutiones</subfield>
    </datafield>
    <datafield tag="246" ind1="3" ind2=" ">
      <subfield code="a">Institutiones Justiniani</subfield>
    </datafield>
    <datafield tag="264" ind1=" " ind2="1">
      <subfield code="a">In celebratissima vrbe basiliensi :</subfield>
      <subfield code="b">per Mihahelem Wenssler,</subfield>
      <subfield code="c">[approximately 1477]</subfield>
    </datafield>
    <datafield tag="300" ind1=" " ind2=" ">
      <subfield code="a">[106] leaves ;</subfield>
      <subfield code="c">41 cm (folio)</subfield>
    </datafield>
    <datafield tag="336" ind1=" " ind2=" ">
      <subfield code="a">text</subfield>
      <subfield code="b">txt</subfield>
      <subfield code="2">rdacontent</subfield>
    </datafield>
    <datafield tag="337" ind1=" " ind2=" ">
      <subfield code="a">unmediated</subfield>
      <subfield code="b">n</subfield>
      <subfield code="2">rdamedia</subfield>
    </datafield>
    <datafield tag="338" ind1=" " ind2=" ">
      <subfield code="a">volume</subfield>
      <subfield code="b">nc</subfield>
      <subfield code="2">rdacarrier</subfield>
    </datafield>
    <datafield tag="340" ind1=" " ind2=" ">
      <subfield code="m">folio</subfield>
      <subfield code="2">rdabf</subfield>
    </datafield>
    <datafield tag="340" ind1=" " ind2=" ">
      <subfield code="k">2 columns</subfield>
    </datafield>
    <datafield tag="500" ind1=" " ind2=" ">
      <subfield code="a">Title from incipit (leaf [a]2 recto, which reads:  In nomine d[omi]ni n[ost]ri i[es]u xp[ist]i Imp[erato]r cesar flavi[us] iustinianus. alamanic[us]. franc[us]. germanicus. actic[us]. guandalicus. africus. pius. felix . inclit[us] victor ac triu[m]phator s[em]p[er] august[us] cupide legum iuuentuti. Incipit liber prim[us] domini. Justiniani Imperatoris institucionum seu elementorum.</subfield>
    </datafield>
    <datafield tag="500" ind1=" " ind2=" ">
      <subfield code="a">Place of publication and printer's name from colophon (leaf [n]6 verso), which reads: Justiniani Cesaris preclarissimum institucionu[m] op[us] in celebratissima vrbe basiliensi. quam aeris cleme[n]cia agri vbertus et hominum industria ceteris vrbibus prestanciorem facit. terse nitide et eme[n]date impressum est per Mihahelem Wenssler. expletu[m] deniq[ue] Anno nostre salutis septuagesimo sexto post millesimum quadringe[n]tesimu[m] pridie kalendas Iunij.</subfield>
    </datafield>
    <datafield tag="500" ind1=" " ind2=" ">
      <subfield code="a">Publication date from ISTC.</subfield>
    </datafield>
    <datafield tag="500" ind1=" " ind2=" ">
      <subfield code="a">Incipit and colophon printed in red.</subfield>
    </datafield>
    <datafield tag="500" ind1=" " ind2=" ">
      <subfield code="a">On leaf [n]6 verso, also printed in red, poem in eleagic distich: Per catedras opus illud eat per pulpita celsa // Instituto[rum] Caesaris eximium. ...</subfield>
    </datafield>
    <datafield tag="500" ind1=" " ind2=" ">
      <subfield code="a">Printer's device on leaf [n]6 verso.</subfield>
    </datafield>
    <datafield tag="500" ind1=" " ind2=" ">
      <subfield code="a">Date of publication from ISTC.</subfield>
    </datafield>
    <datafield tag="500" ind1=" " ind2=" ">
      <subfield code="a">Leaf [a]1 verso: table of contents: R. Primi libri. De iusticia et iure. Folio Secundo</subfield>
    </datafield>
    <datafield tag="500" ind1=" " ind2=" ">
      <subfield code="a">A reprint of Goff J513 (= ISTC ij00513000), including the colophon. ISTC incipit (leaf [a]2 recto ij00513000 reads: ...  iustinian[us] ... i[n]stitucionum ...</subfield>
    </datafield>
    <datafield tag="500" ind1=" " ind2=" ">
      <subfield code="a">Text printed in two columns.</subfield>
    </datafield>
    <datafield tag="500" ind1=" " ind2=" ">
      <subfield code="a">Text of Institutiones surrounded by the commentary of  Accursius.</subfield>
    </datafield>
    <datafield tag="500" ind1=" " ind2=" ">
      <subfield code="a">Capital spaces without guide letters.</subfield>
    </datafield>
    <datafield tag="500" ind1=" " ind2=" ">
      <subfield code="a">Signatures:  [a¹⁰ b-c⁸ d¹⁰ e⁸ f¹⁰ g–l⁸ m-n⁶]; [a]1r is blank.</subfield>
    </datafield>
    <datafield tag="510" ind1="4" ind2=" ">
      <subfield code="a">Incunabula short title catalogue,</subfield>
      <subfield code="c">ij00516000</subfield>
      <subfield code="u">https://data.cerl.org/istc/ij00516000?style=_default</subfield>
    </datafield>
    <datafield tag="510" ind1="4" ind2=" ">
      <subfield code="a">Gesamtkatalog der Wiegendrucke,</subfield>
      <subfield code="c">7594</subfield>
      <subfield code="u">https://www.gesamtkatalogderwiegendrucke.de/docs/GW07594.htm</subfield>
    </datafield>
    <datafield tag="510" ind1="4" ind2=" ">
      <subfield code="a">Incunabula in Dutch Libraries,</subfield>
      <subfield code="c">2786</subfield>
    </datafield>
    <datafield tag="510" ind1="4" ind2=" ">
      <subfield code="a">Bayerische Staatsbibliothek Inkunabelkatalog,</subfield>
      <subfield code="c">C-637</subfield>
      <subfield code="u">https://inkunabeln.digitale-sammlungen.de/Ausgabe_C-637.html</subfield>
    </datafield>
    <datafield tag="510" ind1="4" ind2=" ">
      <subfield code="a">Hain, L. Repertorium bibliographicum,</subfield>
      <subfield code="c">9500</subfield>
    </datafield>
    <datafield tag="510" ind1="4" ind2=" ">
      <subfield code="a">Catalogue of books printed in the XVth century now in the British Museum,</subfield>
      <subfield code="c">III:723</subfield>
    </datafield>
    <datafield tag="510" ind1="4" ind2=" ">
      <subfield code="a">Polain, M.-L. Catalogue des livres imprimés au quinzième siècle des bibliothèques de Belgique.</subfield>
      <subfield code="c">2344</subfield>
    </datafield>
    <datafield tag="510" ind1="4" ind2=" ">
      <subfield code="a">Proctor, R. Index to the early printed books in the British Museum,</subfield>
      <subfield code="c">7479</subfield>
    </datafield>
    <datafield tag="510" ind1="4" ind2=" ">
      <subfield code="a">Typerrepertorium der Wiegendrucke,</subfield>
      <subfield code="c">1b:121G</subfield>
      <subfield code="u">https://tw.staatsbibliothek-berlin.de/ma04227</subfield>
    </datafield>
    <datafield tag="510" ind1="4" ind2=" ">
      <subfield code="a">Typerrepertorium der Wiegendrucke,</subfield>
      <subfield code="c">2:92G</subfield>
      <subfield code="u">https://tw.staatsbibliothek-berlin.de/ma02456</subfield>
    </datafield>
    <datafield tag="546" ind1=" " ind2=" ">
      <subfield code="b">Typeface: 1b:121G, 2:92G</subfield>
    </datafield>
    <datafield tag="650" ind1=" " ind2="0">
      <subfield code="a">Roman law.</subfield>
    </datafield>
    <datafield tag="650" ind1=" " ind2="6">
      <subfield code="a">Droit romain.</subfield>
    </datafield>
    <datafield tag="650" ind1=" " ind2="7">
      <subfield code="a">Roman law</subfield>
      <subfield code="2">fast</subfield>
    </datafield>
    <datafield tag="655" ind1=" " ind2="2">
      <subfield code="a">Incunabula</subfield>
    </datafield>
    <datafield tag="655" ind1=" " ind2="7">
      <subfield code="a">incunabula (books)</subfield>
      <subfield code="2">aat</subfield>
    </datafield>
    <datafield tag="655" ind1=" " ind2="7">
      <subfield code="a">Incunables.</subfield>
      <subfield code="2">rvmgf</subfield>
    </datafield>
    <datafield tag="700" ind1="0" ind2=" ">
      <subfield code="a">Justinian</subfield>
      <subfield code="b">I,</subfield>
      <subfield code="c">Emperor of the East,</subfield>
      <subfield code="d">483?-565,</subfield>
      <subfield code="e">patron.</subfield>
      <subfield code="4">pat</subfield>
      <subfield code="1">https://id.oclc.org/worldcat/entity/E39PBJrRdBgkbwcFrCx3Rjrpfq</subfield>
    </datafield>
    <datafield tag="700" ind1="0" ind2="2">
      <subfield code="i">Container of (work)</subfield>
      <subfield code="a">Accursius,</subfield>
      <subfield code="c">glossator,</subfield>
      <subfield code="d">approximately 1182-approximately 1260.</subfield>
      <subfield code="t">Glossa ordinaria in Institutiones.</subfield>
    </datafield>
    <datafield tag="700" ind1="0" ind2=" ">
      <subfield code="a">Accursius,</subfield>
      <subfield code="c">glossator,</subfield>
      <subfield code="d">approximately 1182-approximately 1260,</subfield>
      <subfield code="e">commentator for written text.</subfield>
      <subfield code="4">cmt</subfield>
      <subfield code="1">https://id.oclc.org/worldcat/entity/E39PCjrbprcd77K9f76GrbYCYq</subfield>
    </datafield>
    <datafield tag="700" ind1="1" ind2=" ">
      <subfield code="a">Wenssler, Michael,</subfield>
      <subfield code="d">active 1472-1497,</subfield>
      <subfield code="e">printer.</subfield>
      <subfield code="4">prt</subfield>
      <subfield code="1">https://id.oclc.org/worldcat/entity/E39PBJfx8ptj386Rfj8FkkmKh3</subfield>
    </datafield>
    <datafield tag="752" ind1=" " ind2=" ">
      <subfield code="a">Switzerland</subfield>
      <subfield code="d">Basel,</subfield>
      <subfield code="e">publication place.</subfield>
      <subfield code="4">pup</subfield>
    </datafield>
    <datafield tag="758" ind1=" " ind2=" ">
      <subfield code="i">has work:</subfield>
      <subfield code="a">Institutiones (Text)</subfield>
      <subfield code="1">https://id.oclc.org/worldcat/entity/E39PCGG8mbMqTrQxkwXXXjTyV3</subfield>
      <subfield code="4">https://id.oclc.org/worldcat/ontology/hasWork</subfield>
    </datafield>
  </record>